Атлас основных типов магматических пород: учебное пособие

Bibliographic Details
Main Author: Краснощёкова Л. А. Любовь Афанасьевна
Corporate Author: Национальный исследовательский Томский политехнический университет (ТПУ) Институт природных ресурсов (ИПР) Кафедра геологии и разведки полезных ископаемых (ГРПИ)
Summary:Заглавие с титульного экрана
Электронная версия печатной публикации
В пособии приводятся схемы современной классификации магматических пород. Дается описание отрядов, их минералогического состава и особенностей строения, геологических условий и форм залегания. Содержится характеристика наиболее распространенных разновидностей магматических пород с фотографиями образцов и шлифов. Предназначено для студентов геологических специальностей вузов
Режим доступа: из корпоративной сети ТПУ
Language:Russian
Published: Томск, Изд-во ТПУ, 2013
Edition:2-е изд.
Subjects:
Online Access:http://www.lib.tpu.ru/fulltext2/m/2013/m303.pdf
Format: Electronic Book
KOHA link:https://koha.lib.tpu.ru/cgi-bin/koha/opac-detail.pl?biblionumber=246541

MARC

LEADER 00000nlm0a2200000 4500
001 246541
005 20240216151105.0
035 |a (RuTPU)RU\TPU\book\267992 
090 |a 246541 
100 |a 20131205d2013 m y0rusy50 ca 
101 0 |a rus 
102 |a RU 
105 |a a j 001zy 
135 |a drcn ---uucaa 
181 0 |a i  
182 0 |a b 
200 1 |a Атлас основных типов магматических пород  |e учебное пособие  |f Л. А. Краснощёкова  |g Национальный исследовательский Томский политехнический университет (ТПУ), Институт природных ресурсов (ИПР), Кафедра геологии и разведки полезных ископаемых (ГРПИ) 
203 |a Текст  |c электронный 
205 |a 2-е изд. 
210 |a Томск  |c Изд-во ТПУ  |d 2013 
300 |a Заглавие с титульного экрана 
300 |a Электронная версия печатной публикации 
330 |a В пособии приводятся схемы современной классификации магматических пород. Дается описание отрядов, их минералогического состава и особенностей строения, геологических условий и форм залегания. Содержится характеристика наиболее распространенных разновидностей магматических пород с фотографиями образцов и шлифов. Предназначено для студентов геологических специальностей вузов 
333 |a Режим доступа: из корпоративной сети ТПУ 
337 |a Adobe Reader 
452 1 |0 (RuTPU)RU\TPU\book\265590  |y 978-5-4387-0240-5  |t Атлас основных типов магматических пород  |o учебное пособие  |f Л. А. Краснощёкова  |g Национальный исследовательский Томский политехнический университет (ТПУ)  |e 2-е изд.  |c Томск  |n Изд-во ТПУ  |d 2013  |p 128 с.  |a Краснощёкова, Любовь Афанасьевна 
606 1 |a Горные породы, магматические  |x Петрография  |2 stltpush  |3 (RuTPU)RU\TPU\subj\66987  |9 82914 
610 1 |a электронный ресурс 
610 1 |a труды учёных ТПУ 
610 1 |a учебные пособия 
610 1 |a классификация 
610 1 |a магматические породы 
610 1 |a минералогический состав 
610 1 |a атласы 
610 1 |a строение 
610 1 |a геологические условия 
610 1 |a залегание 
610 1 |a фотографии 
610 1 |a образцы 
610 1 |a шлифы 
610 1 |a ультраосновные породы 
610 1 |a кислые породы 
610 1 |a гипабиссальные породы 
610 1 |a формы 
675 |a 552.3(075.8)  |v 3 
700 1 |a Краснощёкова  |b Л. А.  |c геолог  |c доцент Томского политехнического университета, кандидат геолого-минералогических наук  |f 1969-  |g Любовь Афанасьевна  |3 (RuTPU)RU\TPU\pers\26070  |9 11908 
712 0 2 |a Национальный исследовательский Томский политехнический университет (ТПУ)  |b Институт природных ресурсов (ИПР)  |b Кафедра геологии и разведки полезных ископаемых (ГРПИ)  |3 (RuTPU)RU\TPU\col\18660 
801 1 |a RU  |b 63413507  |c 20130215 
801 2 |a RU  |b 63413507  |c 20160129  |g RCR 
856 4 |u http://www.lib.tpu.ru/fulltext2/m/2013/m303.pdf 
942 |c CF